[Event "Sheikh Russel GM 2021"]
[Site "Dhaka"]
[Date "2021.10.24"]
[Round "6.15"]
[White "Rios, Cristhian Camilo"]
[Black "Kislinsky, Alexey"]
[Result "1-0"]
[WhiteElo "2457"]
[BlackElo "2335"]
[Annotator "ChessBase"]
[PlyCount "109"]
[EventDate "2021.10.19"]
[EventType "swiss"]
[EventCountry "BAN"]
[SourceTitle "playchess.com"]
[Source "ChessBase"]
[SourceQuality "1"]
[TimeControl "40/5400+30:1800+30"]

1. d4 {[%emt 0:00:06]} g6 {[%emt 0:00:10]} 2. c4 {[%emt 0:00:13]} Bg7 {[%emt 0:00:06]} 3. Nc3 {[%emt 0:00:22]} c5 {[%emt 0:00:11]} 4. d5 {[%emt 0:00:11]} d6 {[%emt 0:00:06]} 5. e4 {[%emt 0:00:14]} e6 {[%emt 0:00:06]} 6. Bd3 {[%emt 0:00:42]} a6 {[%emt 0:01:44]} 7. Nge2 {[%emt 0:01:23]} Nd7 {[%emt 0:02:05]} 8. Bc2 {[%emt 0:03:22]} exd5 {[%emt 0:01:12]} 9. cxd5 {[%emt 0:01:31]} b5 {[%emt 0:00:34]} 10. O-O {[%emt 0:01:23]} Ne7 {[%emt 0:02:47]} 11. f4 {[%emt 0:05:11]} b4 {[%emt 0:06:07]} 12. Na4 {[%emt 0:00:17]} f5 {[%emt 0:01:03]} 13. e5 {[%emt 0:02:52]} Bb7 {[%emt 0:04:49]} 14. exd6 {[%emt 0:02:33]} Nxd5 {[%emt 0:06:04]} 15. Re1 {[%emt 0:10:24]} Kf8 {[%emt 0:10:14]} 16. Bb3 {[%emt 0:03:35]} N5b6 {[%emt 0:08:41]} 17. Be3 {[%emt 0:14:47]} Nxa4 {[%emt 0:05:02]} 18. Bxa4 {[%emt 0:00:07]} Bxb2 {[%emt 0:01:03]} 19. Rb1 {[%emt 0:00:12]} Bf6 {[%emt 0:00:26]} 20. Rc1 {[%emt 0:08:14]} Rc8 {[%emt 0:01:36]} 21. Nd4 {[%emt 0:13:21]} cxd4 {[%emt 0:06:25]} 22. Rxc8 {[%emt 0:00:26]} Qxc8 {[%emt 0:11:02]} 23. Bxd4 {[%emt 0:00:25]} Qc4 {[%emt 0:04:25]} 24. Bxf6 {[%emt 0:00:36]} Nxf6 {[%emt 0:03:04]} 25. d7 {[%emt 0:05:54]} Qc5+ {[%emt 0:00:53]} 26. Kh1 {[%emt 0:00:14]} Kg7 {[%emt 0:00:13]} 27. d8=Q {[%emt 0:00:23]} Rxd8 {[%emt 0:00:05]} 28. Qxd8 {[%emt 0:00:12]} Be4 {[%emt 0:02:06]} 29. Qd2 {[%emt 0:05:15]} Nd5 {[%emt 0:12:44]} 30. Bb3 {[%emt 0:01:58]} Qc3 {[%emt 0:00:15]} 31. Qxc3+ {[%emt 0:00:06]} Nxc3 {[%emt 0:00:06]} 32. Kg1 {[%emt 0:01:18]} a5 {[%emt 0:00:08]} 33. Kf2 {[%emt 0:00:06]} a4 {[%emt 0:00:50]} 34. Bc4 {[%emt 0:00:06]} Kf6 {[%emt 0:04:16]} 35. g3 {[%emt 0:03:48]} Nxa2 {[%emt 0:00:37]} 36. Bxa2 {[%emt 0:01:46]} b3 {[%emt 0:01:23]} 37. Ra1 {[%emt 0:00:49]} Ke6 {[%emt 0:04:45]} 38. Ke3 {[%emt 0:07:01]} Kd5 {[%emt 0:00:13]} 39. Bb1 {[%emt 0:00:22]} Bxb1 {[%emt 0:00:16]} 40. Rxa4 {[%emt 0:00:00]} Bc2 {[%emt 0:00:00]} 41. Kd2 {[%emt 0:01:45]} Ke6 {[%emt 0:02:16]} 42. Ra7 {[%emt 0:00:37]} h6 {[%emt 0:00:35]} 43. Ra6+ {[%emt 0:00:41]} Kf7 {[%emt 0:00:07]} 44. h4 {[%emt 0:04:01]} h5 {[%emt 0:07:41]} 45. Kc3 {[%emt 0:00:11]} Kg7 {[%emt 0:00:05]} 46. Rb6 {[%emt 0:00:07]} Kf7 {[%emt 0:00:05]} 47. Kd4 {[%emt 0:00:06]} Ke7 {[%emt 0:00:05]} 48. Ke5 {[%emt 0:00:12]} Kd7 {[%emt 0:00:13]} 49. Kf6 {[%emt 0:00:29]} Kc7 {[%emt 0:00:05]} 50. Rb4 {[%emt 0:00:05]} Kd6 {[%emt 0:00:05]} 51. Kxg6 {[%emt 0:00:07]} Kc5 {[%emt 0:00:04]} 52. Rb8 {[%emt 0:00:08]} Kc4 {[%emt 0:01:31]} 53. Kxh5 {[%emt 0:00:10]} Kc3 {[%emt 0:00:04]} 54. Kg6 {[%emt 0:00:40]} b2 {[%emt 0:00:08]} 55. Rxb2 {[%emt 0:00:06]} 1-0

[Event "Sheikh Russel GM 2021"]
[Site "Dhaka"]
[Date "2021.10.24"]
[Round "6.16"]
[White "Aronyak Ghosh"]
[Black "Himanshu, Sharma"]
[Result "1-0"]
[WhiteElo "2445"]
[BlackElo "2394"]
[Annotator "ChessBase"]
[PlyCount "62"]
[EventDate "2021.10.19"]
[EventType "swiss"]
[EventCountry "BAN"]
[SourceTitle "playchess.com"]
[Source "ChessBase"]
[SourceQuality "1"]
[TimeControl "40/5400+30:1800+30"]

1. d4 {[%emt 0:01:04]} Nf6 {[%emt 0:00:19]} 2. Bf4 {[%emt 0:01:13]} c5 {[%emt 0:01:15]} 3. d5 {[%emt 0:00:37]} b5 {[%emt 0:03:49]} 4. f3 {[%emt 0:06:47]} Qa5+ {[%emt 0:03:42]} 5. c3 {[%emt 0:09:18]} d6 {[%emt 0:06:01]} 6. e4 {[%emt 0:01:00]} g6 {[%emt 0:00:57]} 7. Nd2 {[%emt 0:05:25]} Bg7 {[%emt 0:04:41]} 8. a4 {[%emt 0:01:11]} b4 {[%emt 0:07:50]} 9. Nc4 {[%emt 0:04:49]} Qd8 {[%emt 0:00:18]} 10. cxb4 {[%emt 0:00:30]} cxb4 {[%emt 0:00:58]} 11. Ne2 {[%emt 0:00:38]} O-O {[%emt 0:03:00]} 12. Nd4 {[%emt 0:05:05]} Nfd7 {[%emt 0:07:39]} 13. Be3 {[%emt 0:09:36]} Nc5 {[%emt 0:10:54]} 14. Be2 {[%emt 0:01:59]} Bd7 {[%emt 0:01:19]} 15. O-O {[%emt 0:00:50]} Nba6 {[%emt 0:01:41]} 16. Re1 {[%emt 0:05:27]} b3 {[%emt 0:03:56]} 17. Qd2 {[%emt 0:01:43]} Rb8 {[%emt 0:02:24]} 18. Nb5 {[%emt 0:11:04]} Nxa4 {[%emt 0:03:24]} 19. Na5 {[%emt 0:00:10]} Rxb5 {[%emt 0:06:53]} 20. Rxa4 {[%emt 0:00:34]} Nc5 {[%emt 0:16:22]} 21. Bxb5 {[%emt 0:05:39]} Nxa4 {[%emt 0:00:09]} 22. Nc6 {[%emt 0:00:22]} Bxc6 {[%emt 0:00:11]} 23. dxc6 {[%emt 0:00:05]} Nb6 {[%emt 0:00:49]} 24. Ra1 {[%emt 0:03:01]} Qc7 {[%emt 0:02:34]} 25. Ra3 {[%emt 0:01:53]} Rb8 {[%emt 0:01:25]} 26. Rxb3 {[%emt 0:01:23]} a6 {[%emt 0:01:36]} 27. Bxa6 {[%emt 0:02:38]} Qxc6 {[%emt 0:00:09]} 28. Qa5 {[%emt 0:00:11]} Qc2 {[%emt 0:05:59]} 29. Rxb6 {[%emt 0:00:05]} Ra8 {[%emt 0:00:16]} 30. Qb4 {[%emt 0:00:53]} Qd1+ {[%emt 0:02:23]} 31. Bf1 {[%emt 0:01:49]} Rf8 {[%emt 0:01:37]} 1-0

[Event "Sheikh Russel GM 2021"]
[Site "Dhaka"]
[Date "2021.10.24"]
[Round "6.17"]
[White "Murshed, Niaz"]
[Black "Malakhatko, Vadim"]
[Result "0-1"]
[WhiteElo "2410"]
[BlackElo "2444"]
[Annotator "ChessBase"]
[PlyCount "78"]
[EventDate "2021.10.19"]
[EventType "swiss"]
[EventCountry "BAN"]
[SourceTitle "playchess.com"]
[Source "ChessBase"]
[SourceQuality "1"]
[TimeControl "40/5400+30:1800+30"]

1. c4 {[%emt 0:00:03]} e5 {[%emt 0:03:14]} 2. g3 {[%emt 0:00:29]} Nc6 {[%emt 0:02:10]} 3. Bg2 {[%emt 0:00:10]} g6 {[%emt 0:00:04]} 4. Nc3 {[%emt 0:01:36]} Bg7 {[%emt 0:00:07]} 5. e3 {[%emt 0:00:41]} Nge7 {[%emt 0:02:37]} 6. Nge2 {[%emt 0:00:19]} d6 {[%emt 0:00:05]} 7. d3 {[%emt 0:02:54]} h5 {[%emt 0:08:18]} 8. h3 {[%emt 0:02:30]} O-O {[%emt 0:02:11]} 9. Rb1 {[%emt 0:02:25]} a5 {[%emt 0:03:11]} 10. h4 {[%emt 0:03:50]} Bg4 {[%emt 0:00:35]} 11. a3 {[%emt 0:01:43]} Qc8 {[%emt 0:30:24]} 12. Bd2 {[%emt 0:01:46]} Nd8 {[%emt 0:00:36]} 13. Nd5 {[%emt 0:03:10]} Nxd5 {[%emt 0:03:59]} 14. cxd5 {[%emt 0:00:09]} a4 {[%emt 0:03:22]} 15. Rc1 {[%emt 0:07:12]} c5 {[%emt 0:00:43]} 16. dxc6 {[%emt 0:00:41]} bxc6 {[%emt 0:00:04]} 17. Qc2 {[%emt 0:02:32]} Be6 {[%emt 0:16:16]} 18. Bc3 {[%emt 0:01:26]} Qa6 {[%emt 0:01:11]} 19. O-O {[%emt 0:00:28]} Rb8 {[%emt 0:04:19]} 20. Rfe1 {[%emt 0:02:08]} Bb3 {[%emt 0:00:59]} 21. Qd2 {[%emt 0:00:11]} Ne6 {[%emt 0:04:57]} 22. d4 {[%emt 0:01:03]} c5 {[%emt 0:00:09]} 23. Kh2 {[%emt 0:08:44]} Qa7 {[%emt 0:01:29]} 24. d5 {[%emt 0:00:47]} Nc7 {[%emt 0:00:07]} 25. f4 {[%emt 0:00:55]} Nb5 {[%emt 0:04:42]} 26. f5 {[%emt 0:03:16]} Bh6 {[%emt 0:02:35]} 27. g4 {[%emt 0:02:42]} hxg4 {[%emt 0:00:16]} 28. Ng3 {[%emt 0:01:28]} Qe7 {[%emt 0:00:21]} 29. Qf2 {[%emt 0:00:54]} Qxh4+ {[%emt 0:00:07]} 30. Kg1 {[%emt 0:00:02]} Nc7 {[%emt 0:01:46]} 31. Ne4 {[%emt 0:00:03]} g3 {[%emt 0:01:16]} 32. Nxg3 {[%emt 0:01:20]} Nxd5 {[%emt 0:02:16]} 33. Bxd5 {[%emt 0:00:52]} Bxd5 {[%emt 0:00:04]} 34. Rcd1 {[%emt 0:00:06]} Ba8 {[%emt 0:00:23]} 35. Rxd6 {[%emt 0:00:22]} Rbd8 {[%emt 0:00:17]} 36. Rb6 {[%emt 0:10:47]} Qg4 {[%emt 0:00:18]} 37. Bxe5 {[%emt 0:02:13]} Rd5 {[%emt 0:00:04]} 38. Bd6 {[%emt 0:07:10]} Rxf5 {[%emt 0:00:09]} 39. Qe2 {[%emt 0:00:01]} Rf3 {[%emt 0:01:15]} 0-1

[Event "Sheikh Russel GM 2021"]
[Site "Dhaka"]
[Date "2021.10.24"]
[Round "6.18"]
[White "Abdisalimov, Abdimalik"]
[Black "Gleizerov, Evgeny"]
[Result "1-0"]
[WhiteElo "2406"]
[BlackElo "2443"]
[Annotator "ChessBase"]
[PlyCount "103"]
[EventDate "2021.10.19"]
[EventType "swiss"]
[EventCountry "BAN"]
[SourceTitle "playchess.com"]
[Source "ChessBase"]
[SourceQuality "1"]
[TimeControl "40/5400+30:1800+30"]

1. d4 {[%emt 0:00:02]} e6 {[%emt 0:00:04]} 2. Nf3 {[%emt 0:00:05]} f5 {[%emt 0:00:05]} 3. Bf4 {[%emt 0:00:06]} Nf6 {[%emt 0:00:04]} 4. e3 {[%emt 0:00:05]} Be7 {[%emt 0:00:06]} 5. Be2 {[%emt 0:00:40]} O-O {[%emt 0:00:14]} 6. O-O {[%emt 0:01:03]} b6 {[%emt 0:04:23]} 7. c4 {[%emt 0:02:42]} Bb7 {[%emt 0:00:13]} 8. Nc3 {[%emt 0:00:14]} Ne4 {[%emt 0:16:13]} 9. Nxe4 {[%emt 0:00:09]} fxe4 {[%emt 0:01:11]} 10. Nd2 {[%emt 0:00:21]} c5 {[%emt 0:09:39]} 11. dxc5 {[%emt 0:10:21]} bxc5 {[%emt 0:03:12]} 12. Qc2 {[%emt 0:00:18]} d5 {[%emt 0:01:23]} 13. Qb3 {[%emt 0:01:24]} Qb6 {[%emt 0:07:26]} 14. Bg4 {[%emt 0:00:06]} Bc8 {[%emt 0:04:49]} 15. Rfd1 {[%emt 0:12:00]} Qxb3 {[%emt 0:21:15]} 16. Nxb3 {[%emt 0:01:13]} Na6 {[%emt 0:05:28]} 17. cxd5 {[%emt 0:00:45]} exd5 {[%emt 0:00:21]} 18. Bxc8 {[%emt 0:00:07]} Raxc8 {[%emt 0:01:04]} 19. Rxd5 {[%emt 0:00:10]} Nb4 {[%emt 0:01:02]} 20. Re5 {[%emt 0:03:29]} Bd6 {[%emt 0:03:38]} 21. Rxe4 {[%emt 0:06:28]} Bxf4 {[%emt 0:00:13]} 22. exf4 {[%emt 0:00:13]} Nd3 {[%emt 0:00:05]} 23. Na5 {[%emt 0:01:54]} Nxb2 {[%emt 0:00:33]} 24. Rb1 {[%emt 0:13:37]} Nd3 {[%emt 0:00:40]} 25. g3 {[%emt 0:00:08]} Rc7 {[%emt 0:03:48]} 26. Kf1 {[%emt 0:07:29]} Nb4 {[%emt 0:01:00]} 27. a3 {[%emt 0:04:07]} Nd5 {[%emt 0:00:14]} 28. Rb3 {[%emt 0:00:57]} Nb6 {[%emt 0:00:52]} 29. Nc4 {[%emt 0:00:09]} Nxc4 {[%emt 0:00:10]} 30. Rxc4 {[%emt 0:00:05]} Rf6 {[%emt 0:06:09]} 31. Ke2 {[%emt 0:02:46]} Kf7 {[%emt 0:00:31]} 32. Re3 {[%emt 0:03:05]} Rb6 {[%emt 0:00:34]} 33. g4 {[%emt 0:01:21]} Rb2+ {[%emt 0:04:14]} 34. Kf3 {[%emt 0:00:02]} Rd2 {[%emt 0:00:54]} 35. h4 {[%emt 0:00:44]} h6 {[%emt 0:02:36]} 36. f5 {[%emt 0:00:51]} Rd5 {[%emt 0:01:37]} 37. Rec3 {[%emt 0:06:30]} Ke7 {[%emt 0:00:20]} 38. Re3+ {[%emt 0:00:50]} Kd7 {[%emt 0:00:27]} 39. a4 {[%emt 0:01:16]} Kc6 {[%emt 0:00:46]} 40. Kf4 {[%emt 0:00:00]} Rd4+ {[%emt 0:00:00]} 41. Rxd4 {[%emt 0:07:34]} cxd4 {[%emt 0:01:46]} 42. Re8 {[%emt 0:00:42]} Rd7 {[%emt 0:07:00]} 43. Ke4 {[%emt 0:01:28]} d3 {[%emt 0:01:02]} 44. Rc8+ {[%emt 0:00:08]} Kb6 {[%emt 0:00:10]} 45. Rc1 {[%emt 0:00:07]} d2 {[%emt 0:01:13]} 46. Rd1 {[%emt 0:00:37]} Kc5 {[%emt 0:05:21]} 47. Ke3 {[%emt 0:00:25]} Rd4 {[%emt 0:00:12]} 48. f3 {[%emt 0:00:50]} h5 {[%emt 0:00:13]} 49. Rxd2 {[%emt 0:00:16]} Rxa4 {[%emt 0:00:04]} 50. g5 {[%emt 0:00:51]} Rxh4 {[%emt 0:00:17]} 51. Rd7 {[%emt 0:00:28]} Ra4 {[%emt 0:00:48]} 52. g6 {[%emt 0:00:24]} 1-0

[Event "Sheikh Russel GM 2021"]
[Site "Dhaka"]
[Date "2021.10.24"]
[Round "6.19"]
[White "Ulybin, Mikhail"]
[Black "Lodhi, Mahmood"]
[Result "1-0"]
[WhiteElo "2443"]
[BlackElo "2315"]
[Annotator "ChessBase"]
[PlyCount "89"]
[EventDate "2021.10.19"]
[EventType "swiss"]
[EventCountry "BAN"]
[SourceTitle "playchess.com"]
[Source "ChessBase"]
[SourceQuality "1"]
[TimeControl "40/5400+30:1800+30"]

1. e4 {[%emt 0:02:22]} e5 {[%emt 0:00:05]} 2. Nf3 {[%emt 0:01:28]} Nc6 {[%emt 0:00:02]} 3. Bb5 {[%emt 0:01:24]} a6 {[%emt 0:00:07]} 4. Ba4 {[%emt 0:01:24]} Nf6 {[%emt 0:00:42]} 5. O-O {[%emt 0:01:52]} Be7 {[%emt 0:00:12]} 6. Re1 {[%emt 0:02:12]} b5 {[%emt 0:00:10]} 7. Bb3 {[%emt 0:00:22]} d6 {[%emt 0:00:02]} 8. a4 {[%emt 0:06:02]} Bg4 {[%emt 0:07:43]} 9. c3 {[%emt 0:01:43]} O-O {[%emt 0:00:25]} 10. d3 {[%emt 0:02:15]} Na5 {[%emt 0:02:10]} 11. Bc2 {[%emt 0:03:48]} c5 {[%emt 0:01:53]} 12. Nbd2 {[%emt 0:01:27]} b4 {[%emt 0:03:37]} 13. h3 {[%emt 0:04:38]} Bh5 {[%emt 0:04:22]} 14. cxb4 {[%emt 0:51:37]} cxb4 {[%emt 0:00:11]} 15. b3 {[%emt 0:02:20]} Nc6 {[%emt 0:01:03]} 16. Bb2 {[%emt 0:00:44]} Nd7 {[%emt 0:00:31]} 17. g4 {[%emt 0:04:49]} Bg6 {[%emt 0:01:04]} 18. Nc4 {[%emt 0:03:59]} Nc5 {[%emt 0:05:22]} 19. d4 {[%emt 0:02:04]} exd4 {[%emt 0:00:07]} 20. Nxd4 {[%emt 0:00:20]} Nxd4 {[%emt 0:00:07]} 21. Bxd4 {[%emt 0:00:41]} Ne6 {[%emt 0:00:08]} 22. Bb6 {[%emt 0:02:04]} Qb8 {[%emt 0:06:07]} 23. Be3 {[%emt 0:00:49]} Bf6 {[%emt 0:03:40]} 24. Rc1 {[%emt 0:00:48]} Bc3 {[%emt 0:05:46]} 25. Rf1 {[%emt 0:00:25]} Nc5 {[%emt 0:06:02]} 26. Qd5 {[%emt 0:01:01]} Re8 {[%emt 0:03:14]} 27. f3 {[%emt 0:00:28]} Re6 {[%emt 0:14:56]} 28. Rcd1 {[%emt 0:00:22]} Nd7 {[%emt 0:01:12]} 29. g5 {[%emt 0:00:49]} Bh5 {[%emt 0:01:49]} 30. Kg2 {[%emt 0:00:33]} Ne5 {[%emt 0:04:21]} 31. Nxd6 {[%emt 0:00:32]} h6 {[%emt 0:01:43]} 32. h4 {[%emt 0:00:31]} Ng6 {[%emt 0:01:02]} 33. Nf5 {[%emt 0:00:30]} Re5 {[%emt 0:00:21]} 34. Qd6 {[%emt 0:00:27]} Qxd6 {[%emt 0:01:02]} 35. Rxd6 {[%emt 0:00:22]} Rxf5 {[%emt 0:03:17]} 36. exf5 {[%emt 0:00:06]} Nxh4+ {[%emt 0:00:04]} 37. Kf2 {[%emt 0:00:58]} Bxf3 {[%emt 0:03:49]} 38. gxh6 {[%emt 0:00:21]} Bg4 {[%emt 0:01:26]} 39. Kg3 {[%emt 0:00:38]} Be2 {[%emt 0:02:04]} 40. Rf2 {[%emt 0:00:00]} Be1 {[%emt 0:00:00]} 41. Kxh4 {[%emt 0:12:29]} Rc8 {[%emt 0:06:18]} 42. Bb1 {[%emt 0:06:42]} Rc3 {[%emt 0:03:39]} 43. Rd8+ {[%emt 0:01:58]} Kh7 {[%emt 0:00:01]} 44. hxg7 {[%emt 0:01:11]} Kxg7 {[%emt 0:00:09]} 45. f6# {[%emt 0:00:20]} 1-0

[Event "Sheikh Russel GM 2021"]
[Site "Dhaka"]
[Date "2021.10.24"]
[Round "6.20"]
[White "Shahil Dey"]
[Black "Mohammad Nubairshah Shaikh"]
[Result "1/2-1/2"]
[WhiteElo "2398"]
[BlackElo "2440"]
[Annotator "ChessBase"]
[PlyCount "100"]
[EventDate "2021.10.19"]
[EventType "swiss"]
[EventCountry "BAN"]
[SourceTitle "playchess.com"]
[Source "ChessBase"]
[SourceQuality "1"]
[TimeControl "40/5400+30:1800+30"]

1. e4 {[%emt 1:31:00]} g6 {[%emt 0:02:59]} 2. d4 {[%emt 0:00:00]} Bg7 {[%emt 0:00:02]} 3. Nc3 {[%emt 0:00:00]} c6 {[%emt 0:00:02]} 4. Be3 {[%emt 0:00:00]} d5 {[%emt 0:00:12]} 5. Qd2 {[%emt 0:00:00]} dxe4 {[%emt 0:05:09]} 6. Nxe4 {[%emt 0:00:00]} Nd7 {[%emt 0:00:02]} 7. Nf3 {[%emt 0:00:00]} Ngf6 {[%emt 0:00:07]} 8. Nxf6+ {[%emt 0:00:00]} Nxf6 {[%emt 0:00:04]} 9. Bc4 {[%emt 0:00:00]} O-O {[%emt 0:01:32]} 10. O-O {[%emt 0:00:00]} Bf5 {[%emt 0:04:38]} 11. c3 {[%emt 0:00:00]} Ne4 {[%emt 0:24:25]} 12. Qe2 {[%emt 0:00:00]} Nd6 {[%emt 0:01:28]} 13. Bb3 {[%emt 0:00:00]} a5 {[%emt 0:00:02]} 14. Bc2 {[%emt 0:00:00]} a4 {[%emt 0:03:00]} 15. Bf4 {[%emt 0:00:00]} Bxc2 {[%emt 0:08:36]} 16. Qxc2 {[%emt 0:00:00]} Qa5 {[%emt 0:00:44]} 17. Rfe1 {[%emt 0:00:00]} Rfe8 {[%emt 0:00:10]} 18. Be5 {[%emt 0:00:00]} Bh6 {[%emt 0:01:05]} 19. h4 {[%emt 0:00:00]} Qd5 {[%emt 0:04:23]} 20. h5 {[%emt 0:00:00]} b5 {[%emt 0:04:20]} 21. hxg6 {[%emt 0:00:00]} hxg6 {[%emt 0:00:07]} 22. Nh4 {[%emt 0:00:00]} Kh7 {[%emt 0:03:22]} 23. f4 {[%emt 0:00:00]} Qe6 {[%emt 0:10:04]} 24. Bxd6 {[%emt 0:00:00]} Qxd6 {[%emt 0:00:02]} 25. f5 {[%emt 0:00:00]} c5 {[%emt 0:12:05]} 26. fxg6+ {[%emt 0:00:00]} fxg6 {[%emt 0:00:03]} 27. Rad1 {[%emt 0:00:00]} Ra6 {[%emt 0:00:14]} 28. Qe4 {[%emt 0:00:00]} a3 {[%emt 0:03:03]} 29. b3 {[%emt 0:00:00]} cxd4 {[%emt 0:01:56]} 30. cxd4 {[%emt 0:00:00]} Qf4 {[%emt 0:07:45]} 31. d5 {[%emt 0:00:00]} Rf6 {[%emt 0:02:27]} 32. Nf3 {[%emt 0:00:00]} Qg3 {[%emt 0:00:23]} 33. Rd3 {[%emt 0:00:00]} Bf4 {[%emt 0:00:29]} 34. Qd4 {[%emt 0:05:27]} Rf5 {[%emt 0:01:43]} 35. Ng5+ {[%emt 0:01:33]} Rxg5 {[%emt 0:00:43]} 36. Rxg3 {[%emt 0:00:05]} Bxg3 {[%emt 0:00:01]} 37. Re4 {[%emt 0:03:55]} Rf5 {[%emt 0:00:21]} 38. Qd3 {[%emt 0:01:41]} Bf2+ {[%emt 0:00:56]} 39. Kf1 {[%emt 0:00:02]} Bc5+ {[%emt 0:00:40]} 40. Ke2 {[%emt 0:00:00]} Rf2+ {[%emt 0:00:00]} 41. Kd1 {[%emt 0:00:04]} Rf5 {[%emt 0:06:10]} 42. Rh4+ {[%emt 0:07:22]} Kg8 {[%emt 0:00:07]} 43. Qc3 {[%emt 0:13:17]} Rxd5+ {[%emt 0:00:31]} 44. Kc2 {[%emt 0:02:47]} Kf7 {[%emt 0:04:42]} 45. b4 {[%emt 0:01:08]} Bd6 {[%emt 0:00:41]} 46. Qc6 {[%emt 0:04:00]} Rg5 {[%emt 0:02:24]} 47. Rh7+ {[%emt 0:00:14]} Kg8 {[%emt 0:00:06]} 48. Qxe8+ {[%emt 0:01:14]} Kxh7 {[%emt 0:00:02]} 49. Qf7+ {[%emt 0:00:21]} Kh6 {[%emt 0:00:32]} 50. Qf8+ {[%emt 0:00:01]} Kh7 {[%emt 0:00:50]} 1/2-1/2

[Event "Sheikh Russel GM 2021"]
[Site "Dhaka"]
[Date "2021.10.24"]
[Round "6.21"]
[White "Rahman, Ziaur"]
[Black "Mehdi Hasan Parag"]
[Result "1-0"]
[WhiteElo "2431"]
[BlackElo "2154"]
[Annotator "ChessBase"]
[PlyCount "73"]
[EventDate "2021.10.19"]
[EventType "swiss"]
[EventCountry "BAN"]
[SourceTitle "playchess.com"]
[Source "ChessBase"]
[SourceQuality "1"]
[TimeControl "40/5400+30:1800+30"]

1. d4 {[%emt 0:01:03]} d5 {[%emt 0:00:07]} 2. Nf3 {[%emt 0:00:05]} Nf6 {[%emt 0:00:26]} 3. c3 {[%emt 0:00:11]} c5 {[%emt 0:02:00]} 4. dxc5 {[%emt 0:00:17]} Nc6 {[%emt 0:03:26]} 5. e3 {[%emt 0:00:18]} e5 {[%emt 0:00:23]} 6. b4 {[%emt 0:00:45]} e4 {[%emt 0:00:51]} 7. Nd4 {[%emt 0:00:15]} Ne5 {[%emt 0:00:58]} 8. Nd2 {[%emt 0:00:40]} a5 {[%emt 0:02:05]} 9. Bb2 {[%emt 0:02:49]} Be7 {[%emt 0:03:34]} 10. a3 {[%emt 0:01:44]} O-O {[%emt 0:00:36]} 11. h3 {[%emt 0:02:29]} Bd7 {[%emt 0:06:41]} 12. Be2 {[%emt 0:06:28]} b6 {[%emt 0:01:12]} 13. cxb6 {[%emt 0:01:52]} Qxb6 {[%emt 0:00:08]} 14. O-O {[%emt 0:00:13]} Rfc8 {[%emt 0:01:35]} 15. Rc1 {[%emt 0:04:27]} Rc7 {[%emt 0:06:57]} 16. b5 {[%emt 0:01:41]} Rac8 {[%emt 0:04:24]} 17. a4 {[%emt 0:01:10]} Ne8 {[%emt 0:05:04]} 18. f4 {[%emt 0:03:14]} exf3 {[%emt 0:01:37]} 19. N2xf3 {[%emt 0:00:12]} Nc4 {[%emt 0:00:37]} 20. Bxc4 {[%emt 0:00:17]} dxc4 {[%emt 0:03:00]} 21. Qc2 {[%emt 0:01:13]} Qh6 {[%emt 0:07:29]} 22. Rce1 {[%emt 0:00:53]} Rc5 {[%emt 0:05:08]} 23. Ba3 {[%emt 0:02:49]} Bd6 {[%emt 0:03:43]} 24. Bxc5 {[%emt 0:00:58]} Rxc5 {[%emt 0:00:02]} 25. e4 {[%emt 0:00:39]} Rh5 {[%emt 0:05:27]} 26. Nf5 {[%emt 0:02:01]} Bc5+ {[%emt 0:00:22]} 27. Kh1 {[%emt 0:02:54]} Qb6 {[%emt 0:02:12]} 28. Qd1 {[%emt 0:07:03]} Bc8 {[%emt 0:04:45]} 29. Ne5 {[%emt 0:02:28]} g6 {[%emt 0:00:36]} 30. Nd7 {[%emt 0:01:07]} Qc7 {[%emt 0:04:40]} 31. Nxc5 {[%emt 0:00:57]} Qxc5 {[%emt 0:00:09]} 32. Qd8 {[%emt 0:03:35]} Kf8 {[%emt 0:00:09]} 33. Nd6 {[%emt 0:01:40]} Qxd6 {[%emt 0:00:30]} 34. Qxc8 {[%emt 0:00:07]} Qg3 {[%emt 0:01:53]} 35. b6 {[%emt 0:03:29]} Kg7 {[%emt 0:01:39]} 36. b7 {[%emt 0:01:00]} Nd6 {[%emt 0:01:29]} 37. b8=Q {[%emt 0:00:41]} 1-0

[Event "Sheikh Russel GM 2021"]
[Site "Dhaka"]
[Date "2021.10.24"]
[Round "6.22"]
[White "Mohammad Minhaz Uddin"]
[Black "Savchenko, Stanislav"]
[Result "0-1"]
[WhiteElo "2264"]
[BlackElo "2473"]
[Annotator "ChessBase"]
[PlyCount "82"]
[EventDate "2021.10.19"]
[EventType "swiss"]
[EventCountry "BAN"]
[SourceTitle "playchess.com"]
[Source "ChessBase"]
[SourceQuality "1"]
[TimeControl "40/5400+30:1800+30"]

1. e4 {[%emt 0:00:04]} c5 {[%emt 0:00:47]} 2. Nf3 {[%emt 0:00:03]} d6 {[%emt 0:00:04]} 3. d4 {[%emt 0:00:09]} cxd4 {[%emt 0:00:09]} 4. Nxd4 {[%emt 0:00:03]} Nf6 {[%emt 0:00:06]} 5. Nc3 {[%emt 0:00:09]} a6 {[%emt 0:00:05]} 6. g3 {[%emt 0:04:07]} e6 {[%emt 0:02:19]} 7. Bg2 {[%emt 0:00:03]} Be7 {[%emt 0:00:04]} 8. O-O {[%emt 0:00:10]} Qc7 {[%emt 0:00:32]} 9. Be3 {[%emt 0:00:19]} Nc6 {[%emt 0:00:45]} 10. Nxc6 {[%emt 0:05:12]} bxc6 {[%emt 0:01:37]} 11. Na4 {[%emt 0:00:05]} Rb8 {[%emt 0:02:00]} 12. c4 {[%emt 0:00:10]} c5 {[%emt 0:01:01]} 13. b3 {[%emt 0:04:17]} Bb7 {[%emt 0:02:40]} 14. Qd3 {[%emt 0:05:00]} Ng4 {[%emt 0:04:02]} 15. Bf4 {[%emt 0:05:31]} Ne5 {[%emt 0:10:27]} 16. Bxe5 {[%emt 0:04:16]} dxe5 {[%emt 0:01:55]} 17. Rad1 {[%emt 0:01:18]} Rd8 {[%emt 0:04:05]} 18. Qc2 {[%emt 0:02:13]} O-O {[%emt 0:00:27]} 19. Nc3 {[%emt 0:09:51]} Qa5 {[%emt 0:04:32]} 20. Rxd8 {[%emt 0:21:57]} Rxd8 {[%emt 0:00:43]} 21. Bf3 {[%emt 0:02:24]} Bc6 {[%emt 0:12:52]} 22. Kg2 {[%emt 0:03:46]} g6 {[%emt 0:01:42]} 23. h4 {[%emt 0:04:23]} h5 {[%emt 0:05:13]} 24. Rd1 {[%emt 0:01:22]} Rd4 {[%emt 0:01:16]} 25. Rxd4 {[%emt 0:03:52]} cxd4 {[%emt 0:05:06]} 26. Na4 {[%emt 0:05:43]} Ba3 {[%emt 0:08:13]} 27. Kf1 {[%emt 0:02:42]} Qb4 {[%emt 0:13:04]} 28. Be2 {[%emt 0:06:11]} f5 {[%emt 0:06:32]} 29. Bd3 {[%emt 0:00:34]} Qb7 {[%emt 0:00:45]} 30. f3 {[%emt 0:02:00]} Qf7 {[%emt 0:02:34]} 31. Kg2 {[%emt 0:01:10]} f4 {[%emt 0:02:06]} 32. Qd2 {[%emt 0:00:13]} Qc7 {[%emt 0:01:49]} 33. Nb2 {[%emt 0:01:34]} fxg3 {[%emt 0:02:29]} 34. Kxg3 {[%emt 0:00:49]} Qf7 {[%emt 0:00:47]} 35. Nd1 {[%emt 0:01:13]} Be7 {[%emt 0:00:13]} 36. Nf2 {[%emt 0:01:43]} Qf6 {[%emt 0:00:26]} 37. Qg5 {[%emt 0:00:37]} Qg7 {[%emt 0:00:24]} 38. Qd2 {[%emt 0:02:42]} g5 {[%emt 0:00:07]} 39. Nh1 {[%emt 0:01:21]} g4 {[%emt 0:01:21]} 40. Nf2 {[%emt 0:00:00]} gxf3+ {[%emt 0:00:00]} 41. Kxf3 {[%emt 0:00:33]} Bxh4 {[%emt 0:00:55]} 0-1